Kill the cowboy : (Record no. 348)

MARC details
000 -LEADER
fixed length control field 01046cam a2200301 a 4500
005 - DATE AND TIME OF LATEST TRANSACTION
control field 20260322212016.0
008 - FIXED-LENGTH DATA ELEMENTS--GENERAL INFORMATION
fixed length control field data
010 ## - LIBRARY OF CONGRESS CONTROL NUMBER
LC control number 93000525
020 ## - INTERNATIONAL STANDARD BOOK NUMBER
International Standard Book Number 020158123X :
Terms of availability {dollar}20.00 ({dollar}25.95 Can.)
020 ## - INTERNATIONAL STANDARD BOOK NUMBER
International Standard Book Number 9780201581232 :
Terms of availability {dollar}20.00 ({dollar}25.95 Can.)
040 ## - CATALOGING SOURCE
Original cataloging agency DLC
Transcribing agency DLC
Modifying agency DLC
043 ## - GEOGRAPHIC AREA CODE
Geographic area code n-usp--
050 00 - LIBRARY OF CONGRESS CALL NUMBER
Classification number GF504.W35
Item number R87 1993
082 00 - DEWEY DECIMAL CLASSIFICATION NUMBER
Classification number 333.74/0978
Edition information 20
092 ## - LOCALLY ASSIGNED DEWEY CALL NUMBER (OCLC)
Classification number 333.74 R87 1993
001 - CONTROL NUMBER
control field data
100 1# - MAIN ENTRY--PERSONAL NAME
Personal name Russell, Sharman Apt
245 10 - TITLE STATEMENT
Title Kill the cowboy :
Remainder of title a battle of mythology in the new West /
Statement of responsibility, etc. Sharman Apt Russell.
260 ## - PUBLICATION, DISTRIBUTION, ETC.
Place of publication, distribution, etc. Reading, Mass. :
Name of publisher, distributor, etc. Addison-Wesley,
Date of publication, distribution, etc. c1993.
300 ## - PHYSICAL DESCRIPTION
Extent xiii, 217 p. ;
Dimensions 22 cm.
504 ## - BIBLIOGRAPHY, ETC. NOTE
Bibliography, etc. note Includes bibliographical references (p. 199-210) and index.
650 #0 - SUBJECT ADDED ENTRY--TOPICAL TERM
Topical term or geographic name entry element Nature
General subdivision Effect of human beings on
Geographic subdivision West (U.S.)
650 #0 - SUBJECT ADDED ENTRY--TOPICAL TERM
Topical term or geographic name entry element Cowboys
Geographic subdivision West (U.S.)
General subdivision Attitudes.
650 #0 - SUBJECT ADDED ENTRY--TOPICAL TERM
Topical term or geographic name entry element Ranchers
Geographic subdivision West (U.S.)
General subdivision Attitudes.
650 #0 - SUBJECT ADDED ENTRY--TOPICAL TERM
Topical term or geographic name entry element Environmentalists
Geographic subdivision West (U.S.)
General subdivision Attitudes.
650 #0 - SUBJECT ADDED ENTRY--TOPICAL TERM
Topical term or geographic name entry element Range management
Geographic subdivision West (U.S.)
650 #0 - SUBJECT ADDED ENTRY--TOPICAL TERM
Topical term or geographic name entry element Range policy
Geographic subdivision West (U.S.)
Holdings
Withdrawn status Lost status Damaged status Not for loan Home library Current library Shelving location Date acquired Total checkouts Full call number Barcode Date last seen Price effective from Koha item type
        Troy Troy General stacks 22/03/2026   333.74/0978 20 BC0010358 22/03/2026 22/03/2026 Books